Normal view
MARC view
- BUECHE,FREDERICH J
Entry Personal Name
001 - CONTROL NUMBER
- control field: 131676
003 - CONTROL NUMBER IDENTIFIER
- control field: NUST
005 - DATE AND TIME OF LATEST TRANSACTION
- control field: 20251031163612.0
008 - FIXED-LENGTH DATA ELEMENTS
- fixed length control field: 251031|| aca||aabn | a|a d
040 ## - CATALOGING SOURCE
- Original cataloging agency: NUST
- Transcribing agency: NUST
100 ## - HEADING--PERSONAL NAME
- Personal name: BUECHE,FREDERICH J
670 ## - SOURCE DATA FOUND
- Source citation: Work cat.: (NUST): BUECHE,FREDERICH J., THEORY & PROBLEMS OF COLLEGE PHYSICS /, 1979.
